[Event "WchT Seniors 50"]
[Site "Radebeul"]
[Date "2016.07.02"]
[Round "7.28"]
[White "Flemmer, Wolfgang"]
[Black "Seifert, Klaus"]
[Result "1/2-1/2"]
[WhiteElo "1984"]
[BlackElo "1886"]
[PlyCount "36"]
[EventDate "2016.06.26"]
[EventType "team-swiss"]
[EventRounds "9"]
[EventCountry "GER"]
[SourceTitle "CBM 173 Extra"]
[Source "ChessBase"]
[SourceDate "2016.08.29"]
[SourceVersion "1"]
[SourceVersionDate "2016.08.29"]
[SourceQuality "1"]
[WhiteTeam "Coswig 1920"]
[BlackTeam "Bannewitz"]
[WhiteTeamCountry "GER"]
[BlackTeamCountry "GER"]

1. e4 c5 2. Nc3 Nc6 3. g3 g6 4. Bg2 Bg7 5. d3 d6 6. f4 e6 7. Nf3 Nge7 8. 0-0 0-0 9. Ne2 d5 10. c3 dxe4 11. dxe4 Qxd1 12. Rxd1 b6 13. Be3 Ba6 14. Kf2 Rad8 15. Ne1 Na5 16. Rxd8 Rxd8 17. Bf3 Nc4 18. Rb1 f5 1/2-1/2

[Event "WchT Seniors 50"]
[Site "Radebeul"]
[Date "2016.07.01"]
[Round "6.27"]
[White "Reinhardt, Joachim"]
[Black "Flemmer, Wolfgang"]
[Result "1/2-1/2"]
[WhiteElo "1876"]
[BlackElo "1984"]
[PlyCount "82"]
[EventDate "2016.06.26"]
[EventType "team-swiss"]
[EventRounds "9"]
[EventCountry "GER"]
[SourceTitle "CBM 173 Extra"]
[Source "ChessBase"]
[SourceDate "2016.08.29"]
[SourceVersion "1"]
[SourceVersionDate "2016.08.29"]
[SourceQuality "1"]
[WhiteTeam "Blue Wonder"]
[BlackTeam "Coswig 1920"]
[WhiteTeamCountry "GER"]
[BlackTeamCountry "GER"]

1. d4 d5 2. Nf3 Nf6 3. c4 e6 4. Nc3 Nbd7 5. Bg5 Be7 6. e3 h6 7. Bh4 0-0 8. Bd3 dxc4 9. Bxc4 c6 10. 0-0 Nd5 11. Bxe7 Qxe7 12. Bb3 Nxc3 13. bxc3 b6 14. Qd3 Bb7 15. e4 Rfd8 16. Rad1 Rac8 17. c4 Nc5 18. Qc3 Nxb3 19. axb3 a5 20. Rd2 c5 21. Rfd1 cxd4 22. Rxd4 f6 23. Qd3 Rxd4 24. Qxd4 Qc7 25. Ne1 Re8 26. f3 Re7 27. Nc2 Kf7 28. Kf2 Ke8 29. Qd6 Bc8 30. Qxc7 Rxc7 31. Rd6 b5 32. Na3 bxc4 33. bxc4 Ke7 34. Rb6 Rc5 35. Ke3 e5 36. Kd3 Kd7 37. Kc3 Kc7 38. Rb2 Bd7 39. h4 h5 40. g3 g6 41. Rd2 Bc6 1/2-1/2

[Event "WchT Seniors 50"]
[Site "Radebeul"]
[Date "2016.06.29"]
[Round "4.4"]
[White "Flemmer, Wolfgang"]
[Black "Serjmyadag, Damdin"]
[Result "1-0"]
[WhiteElo "1984"]
[BlackElo "1949"]
[PlyCount "62"]
[EventDate "2016.06.26"]
[EventType "team-swiss"]
[EventRounds "9"]
[EventCountry "GER"]
[SourceTitle "CBM 173 Extra"]
[Source "ChessBase"]
[SourceDate "2016.08.29"]
[SourceVersion "1"]
[SourceVersionDate "2016.08.29"]
[SourceQuality "1"]
[WhiteTeam "Coswig 1920"]
[BlackTeam "Mongolia (Women)"]
[WhiteTeamCountry "GER"]
[BlackTeamCountry "MGL"]

1. e4 e6 2. d4 d5 3. Nd2 Nf6 4. e5 Nfd7 5. Bd3 c5 6. c3 Nc6 7. Ne2 cxd4 8. cxd4 Be7 9. 0-0 f5 10. exf6 Nxf6 11. Nf3 0-0 12. Bd2 Bd7 13. Rc1 Bd6 14. Bc3 Rc8 15. Ng3 Bf4 16. Bd2 Bd6 17. Ne2 Qb6 18. b3 a6 19. Bb1 Ne7 20. Bc3 Ba3 21. Rc2 Ne4 22. Bb2 Rxc2 23. Bxa3 Rxe2 24. Qxe2 Nd6 25. Bc5 Qc7 26. Ng5 Rf6 27. Bxh7+ Kf8 28. Bd3 Ke8 29. Qe5 Nec8 30. Re1 Qc6 31. Nh7 Rh6 1-0